00333 a2200109 4500001001000000005001700010008004100027245005600068100002200124773006000146999001700206ART_2393820260410161933.0260409a 10aContribución al estudio del problema energético1 aMendoza, Fernando0 tInformeg- Año VII, Nº 43 (ene./feb. 1975)wREV23765 c28741d28741